000 00994nam a22003257a 4500
003 CHAP
005 20220329141458.0
008 971013s1986 r 00010 d
010 _a68814
011 _a69786
035 _a79264
040 _cCHAP
082 _a631.8
_bS5
100 0 0 _aSimpson, Ken.
_9106504
245 _aFertilizers and manures
260 _aLondon :
_bLongman,
_c1986
300 _a253 p.
_b: ilus.
490 _aLongman handbooks in agriculure
500 _a31-211
590 _aBATCH-UPD
_b10
_c20130110
_lUCH01
_h0348
590 _aBATCH-UPD
_b10
_c20130110
_lUCH01
_h2348
590 _aCONVERSION
_b10
_c20130109
_lUCH01
_h1338
650 1 4 _aAbonos.
_9235
650 1 4 _aFertilizantes.
_940447
830 0 _aLongman handbooks in agriculure
_967589
901 _aBK
942 _cLIBRO
949 _a631.8 S5
_bBC
_cLIBRO
_d33724000171930
_eLIBRO
_fc.2
_h78068
_i79264
_si
_t153.90
949 _a631.8 S5
_bBC
_cLIBRO
_d33724000171948
_eLIBRO
_gI.145760
_h75588
_i79264
_si
_t89.61
999 _c68814
_d68814